000 00620nam a2200169Ia 4500
999 _c32233
_d32233
003 GCL
005 20240530102433.0
008 140319s9999 xx 000 0 ara d
040 _aGCL /
_cGCL
082 0 4 _a225
_bف ب
100 0 _aفتحى احمد عامر
245 1 0 _aبلاغة القران بين الفن والتاريخ :
_bدراسة تاريخية فنية مقارنة /
_cفتحى احمد عامر
260 _a[S.N] :
_bمنشاة المعارف الاسلامية ،
_c1993
300 _a399 ص. ؛
_c24 سم
490 _aسلسلة كتب الدراسات القرانية
_v0
942 _2ddc
_cBK